000 00406pam a2200157 a 4500
020 _a9780198853435
_c
041 _aeng
082 _a616
_bFIR
100 _aFIRTH J.D., CONLON C.P.,COX T.M.
245 _aOXFORD TEXTBOOK OF MEDICINE VOL 3
_hTextual Documents
250 _a6.
260 _bOXFORD UNIVERSITY PRESS
_c2020
300 _a3242-5165:
_bLXVI+
_eHB.
930 _a9478
999 _c804005
_d804005
650 _aGEN.MEDICINE